[Event "Junior Online 4NCL Division 4"]
[Site "online"]
[Date "2020.10.01"]
[Round "4.234"]
[White "Ryazhenov-Siems, Nikolas"]
[Black "Devesher, Ishaan"]
[Result "0-1"]
[WhiteElo "902"]
[BlackElo "1037"]
[PlyCount "70"]
[EventDate "2020.10.01"]
[WhiteTeam "Barnet Knights F"]
[BlackTeam "Surbiton Juniors D"]

1. e3 e5 2. Bc4 Nf6 3. d4 Nc6 4. dxe5 Nxe5 5. Bb3 Nc6 6. Nf3 Bc5 7. Ng5 O-O 8.
Bxf7+ Kh8 9. Bh5 g6 10. Bf3 Ng8 11. Bd2 Qxg5 12. Bc3+ Nf6 13. Bxf6+ Qxf6 14.
Nc3 Bb4 15. a3 Bxc3+ 16. bxc3 Qxc3+ 17. Qd2 Qxa1+ 18. Qd1 Qxa3 19. Qd5 Qc1+ 20.
Qd1 Qa3 21. O-O d6 22. c3 Qxc3 23. g4 b6 24. e4 Ba6 25. Be2 Bxe2 26. Qxe2 Rfe8
27. f4 Nd4 28. Qf2 Rxe4 29. h4 h5 30. gxh5 gxh5 31. f5 Rg8+ 32. Kh1 Rgg4 33. f6
Qh3+ 34. Qh2 Qxf1+ 35. Qg1 Qxg1# 0-1

[Event "Junior Online 4NCL Division 4"]
[Site "online"]
[Date "2020.10.01"]
[Round "4.235"]
[White "Dudhia, Vansh"]
[Black "Bogerd, Ethan"]
[Result "1-0"]
[WhiteElo "1052"]
[BlackElo "1187"]
[PlyCount "43"]
[EventDate "2020.10.01"]
[WhiteTeam "Barnet Knights F"]
[BlackTeam "Surbiton Juniors D"]

1. e4 c6 2. Nf3 d5 3. e5 Bf5 4. d4 e6 5. Bd3 Bxd3 6. cxd3 Bb4+ 7. Nc3 Qa5 8.
O-O Bxc3 9. bxc3 Qxc3 10. Rb1 Qa5 11. Bd2 Qa6 12. a4 Ne7 13. a5 O-O 14. Ne1 Nf5
15. Nc2 Qxd3 16. Ne3 Nxe3 17. fxe3 Rc8 18. Rb3 Qa6 19. Qf3 c5 20. Qxf7+ Kh8 21.
Qf8+ Rxf8 22. Rxf8# 1-0

[Event "Junior Online 4NCL Division 4"]
[Site "online"]
[Date "2020.10.01"]
[Round "4.236"]
[White "Rabie, Jamie"]
[Black "Saunders, Oliver"]
[Result "0-1"]
[WhiteElo "1112"]
[BlackElo "1052"]
[PlyCount "100"]
[EventDate "2020.10.01"]
[WhiteTeam "Surbiton Juniors D"]
[BlackTeam "Barnet Knights F"]

1. e4 e5 2. Nf3 Nc6 3. Bb5 Nf6 4. Nc3 d6 5. Bxc6+ bxc6 6. O-O Ba6 7. Re1 Be7 8.
d3 O-O 9. Be3 d5 10. Qd2 dxe4 11. dxe4 Qxd2 12. Bxd2 Bc5 13. h3 h6 14. Nxe5 Bb7
15. Be3 Bd6 16. Nf3 c5 17. Rad1 Nxe4 18. Nxe4 Bxe4 19. c3 Rfe8 20. a3 Re6 21.
b4 cxb4 22. axb4 Rg6 23. g4 Bxf3 24. Rd3 Bc6 25. Kf1 Bb5 26. c4 Bxc4 27. Ke2
Bxd3+ 28. Kxd3 Bxb4 29. Rb1 a5 30. Rb3 Rd8+ 31. Bd4 Bc5 32. Rb7 Rxd4+ 33. Kc3
Re6 34. Rxc7 Bb6 35. Rc4 Rxc4+ 36. Kxc4 Bxf2 37. Kb5 Kf8 38. Kxa5 Ke7 39. Kb5
Kd6 40. Kc4 Re5 41. Kd3 Bh4 42. Kd4 Ra5 43. Ke4 Rb5 44. Kf4 Ke6 45. Kf3 Ke5 46.
Kg2 Rb3 47. Kh2 Kf4 48. Kg2 Rb2+ 49. Kh1 Kg3 50. Kg1 Rb1# 0-1

[Event "Junior Online 4NCL Division 4"]
[Site "online"]
[Date "2020.10.01"]
[Round "4.238"]
[White "Devesher, Ishaan"]
[Black "Ryazhenov-Siems, Nikolas"]
[Result "1-0"]
[WhiteElo "1037"]
[BlackElo "902"]
[PlyCount "44"]
[EventDate "2020.10.01"]
[WhiteTeam "Surbiton Juniors D"]
[BlackTeam "Barnet Knights F"]

1. e4 e6 2. Nf3 Bc5 3. Nc3 d5 4. exd5 exd5 5. Bd3 d4 6. Na4 Bb4 7. a3 Ba5 8. b4
Bb6 9. Bb2 c5 10. bxc5 Ba5 11. Bxd4 f6 12. O-O Ne7 13. Qe1 O-O 14. Rb1 Nd5 15.
Bc4 Be6 16. Qxe6+ Rf7 17. Bxd5 Qd7 18. Qxd7 Nxd7 19. Bxf7+ Kxf7 20. Rxb7 Bc7
21. Rxc7 Re8 22. Rxd7+ Re7 1-0

[Event "Junior Online 4NCL Division 4"]
[Site "online"]
[Date "2020.10.01"]
[Round "4.241"]
[White "Kumar, Shaurya"]
[Black "Toth, Nandor"]
[Result "1/2-1/2"]
[WhiteElo "925"]
[BlackElo "1172"]
[PlyCount "139"]
[EventDate "2020.10.01"]
[WhiteTeam "Uxbridge Juniors C"]
[BlackTeam "St James Primary"]

1. e4 e5 2. Nf3 Nc6 3. Bc4 Bc5 4. c3 Nf6 5. d4 exd4 6. cxd4 Bb4+ 7. Bd2 Bxd2+
8. Nbxd2 d6 9. O-O O-O 10. h3 Re8 11. Re1 Be6 12. d5 Nd4 13. dxe6 Nxe6 14. Bxe6
Rxe6 15. e5 Nd5 16. exd6 Rxe1+ 17. Qxe1 cxd6 18. Nb3 Nb4 19. Qxb4 b6 20. Rd1 h6
21. Rxd6 Qe7 22. a3 Rd8 23. Rxd8+ Qxd8 24. Qc4 Qd7 25. Ne5 Qe6 26. Qxe6 fxe6
27. Nd4 g5 28. Nxe6 Kh7 29. Nf8+ Kg7 30. Ne6+ Kf6 31. Nxg5 hxg5 32. Nd7+ Ke7
33. Ne5 Ke6 34. Nc6 a6 35. Nb4 a5 36. Nc6 Kd6 37. Na7 Kd5 38. Nb5 Kc5 39. Nc3
Kc4 40. Ne4 Kb3 41. Nxg5 Kxb2 42. h4 Kxa3 43. h5 b5 44. h6 b4 45. h7 b3 46.
h8=Q Ka2 47. Qd4 b2 48. Qa4+ Kb1 49. Qxa5 Kc1 50. Qc3+ Kb1 51. Qxb2+ Kxb2 52.
f4 Kc3 53. Kf2 Kd4 54. Kf3 Kd5 55. Kg4 Kd6 56. Nf7+ Ke7 57. Ne5 Kf6 58. g3 Kg7
59. f5 Kf6 60. Nd7+ Ke7 61. Nb6 Kf6 62. Nd5+ Kf7 63. Kg5 Kg7 64. f6+ Kf7 65.
Kf5 Kf8 66. g4 Kf7 67. g5 Kf8 68. g6 Kg8 69. f7+ Kf8 70. Kf6 1/2-1/2

[Event "Junior Online 4NCL Division 4"]
[Site "online"]
[Date "2020.10.01"]
[Round "4.242"]
[White "Crichton, Finlay"]
[Black "Bommi, Praneeth"]
[Result "0-1"]
[WhiteElo "1105"]
[BlackElo "887"]
[PlyCount "98"]
[EventDate "2020.10.01"]
[WhiteTeam "St James Primary"]
[BlackTeam "Uxbridge Juniors C"]

1. e4 e6 2. d4 b6 3. Nc3 Bb7 4. Nf3 Nf6 5. Bd3 d5 6. e5 Ne4 7. Bd2 Bb4 8. a3
Bxc3 9. bxc3 Na6 10. O-O c5 11. Bb5+ Kf8 12. dxc5 Nc7 13. c6 Ba6 14. Bxa6 Nxa6
15. Qb1 Rc8 16. Qb5 Nc7 17. Qb4+ Qe7 18. Bg5 Qxb4 19. cxb4 Nc3 20. Bd2 Ne4 21.
Bf4 Nb5 22. a4 Nbc3 23. b5 Ne2+ 24. Kh1 Nxf4 25. a5 bxa5 26. Rxa5 g6 27. Rxa7
Nc5 28. b6 Rxc6 29. Rb1 Kg7 30. b7 Rb8 31. Nd4 Rc7 32. g3 Nh3 33. Kg2 Ng5 34.
f4 Nge4 35. Kf3 Nxb7 36. Ra4 Nc3 37. Raa1 Nxb1 38. Rxb1 Ra8 39. Nb5 Rxc2 40. h4
Ra5 41. Nd4 Rc3+ 42. Ke2 Rxg3 43. Rxb7 Ra2+ 44. Kf1 Rh3 45. Kg1 Rd3 46. Rb1
Rxd4 47. Rf1 Rdd2 48. f5 Rh2 49. fxe6 Rag2# 0-1

[Event "Junior Online 4NCL Division 4"]
[Site "online"]
[Date "2020.10.01"]
[Round "4.243"]
[White "Raja, Nithilan"]
[Black "Harle Smith, Joseph"]
[Result "0-1"]
[WhiteElo "775"]
[BlackElo "1030"]
[PlyCount "78"]
[EventDate "2020.10.01"]
[WhiteTeam "Uxbridge Juniors C"]
[BlackTeam "St James Primary"]

1. d4 Nc6 2. e3 Nf6 3. Nf3 d6 4. Nc3 Bd7 5. Bb5 e5 6. dxe5 dxe5 7. Qd3 Bb4 8.
Bxc6 Bxc3+ 9. Qxc3 Bxc6 10. Qxe5+ Kf8 11. Qd4 Nd7 12. Nh4 Qg5 13. g3 Bxh1 14.
Nf3 Bxf3 15. Qxd7 Rd8 16. Qxd8+ Qxd8 17. Bd2 Qf6 18. Rb1 Be4 19. Bb4+ Ke8 20.
Rd1 Bxc2 21. Rd4 b6 22. Rd5 Qxb2 23. Ke2 Bb3+ 24. Kd3 Bxd5 25. e4 Qxb4 26. exd5
Kd7 27. Kc2 Qa3 28. Kb1 Qd3+ 29. Kb2 Re8 30. f4 Re2+ 31. Kc1 Qd1+ 32. Kxd1 Rxa2
33. Ke1 Rxh2 34. Kf1 a5 35. Kg1 Rb2 36. Kf1 a4 37. Ke1 a3 38. Kd1 a2 39. Kc1
a1=Q# 0-1

[Event "Junior Online 4NCL Division 4"]
[Site "online"]
[Date "2020.10.01"]
[Round "4.244"]
[White "James, Arjun"]
[Black "Boopathy, Harsheth"]
[Result "1-0"]
[WhiteElo "962"]
[BlackElo "700"]
[PlyCount "21"]
[EventDate "2020.10.01"]
[WhiteTeam "St James Primary"]
[BlackTeam "Uxbridge Juniors C"]

1. Nf3 d5 2. g3 e6 3. Bg2 g5 4. c4 f6 5. cxd5 exd5 6. Nc3 c6 7. d4 Ne7 8. O-O
Nd7 9. e4 dxe4 10. Nxe4 f5 11. Nd6# 1-0

[Event "Junior Online 4NCL Division 4"]
[Site "online"]
[Date "2020.10.01"]
[Round "4.245"]
[White "Toth, Nandor"]
[Black "Kumar, Shaurya"]
[Result "1-0"]
[WhiteElo "1172"]
[BlackElo "925"]
[PlyCount "127"]
[EventDate "2020.10.01"]
[WhiteTeam "St James Primary"]
[BlackTeam "Uxbridge Juniors C"]

1. e4 e5 2. Nf3 Nc6 3. Nc3 Be7 4. Bb5 a6 5. Bxc6 dxc6 6. Nxe5 Bc5 7. Nf3 Bg4 8.
h3 Bxf3 9. Qxf3 Nf6 10. d3 h6 11. Bd2 O-O 12. g4 g5 13. h4 b5 14. hxg5 hxg5 15.
Qh3 Kg7 16. Bxg5 Rh8 17. Qxh8+ Qxh8 18. Bxf6+ Kxf6 19. Rxh8 Rxh8 20. O-O-O b4
21. Na4 Bxf2 22. Rf1 Rh2 23. Kd2 Kg5 24. Kd1 Kxg4 25. b3 Kg3 26. Kc1 Kg2 27.
Rd1 Be3+ 28. Kb2 Kf3 29. Rf1+ Ke2 30. Rb1 Bd4+ 31. c3 Kxd3+ 32. Ka1 Bxc3+ 33.
Nxc3 bxc3 34. e5 c2 35. Rc1 Kd2 36. Kb2 Kd3 37. a3 Rd2 38. a4 a5 39. b4 axb4
40. Kb3 Re2 41. a5 Rxe5 42. a6 Ra5 43. Rxc2 Rxa6 44. Rc1 Ra3+ 45. Kxb4 Kd2 46.
Rh1 Rc3 47. Rh2+ Kd3 48. Rh3+ Kd4 49. Rxc3 f5 50. Rxc6 f4 51. Rc4+ Ke5 52. Kc3
f3 53. Kd2 Kd5 54. Rc1 Ke4 55. Re1+ Kf4 56. Kd3 Kg3 57. Re3 Kg2 58. Re8 f2 59.
Rg8+ Kf3 60. Rf8+ Kg2 61. Ke2 c5 62. Rxf2+ Kg3 63. Rf3+ Kg4 64. Rc3 1-0

[Event "Junior Online 4NCL Division 4"]
[Site "online"]
[Date "2020.10.01"]
[Round "4.246"]
[White "Bommi, Praneeth"]
[Black "Crichton, Finlay"]
[Result "1-0"]
[WhiteElo "887"]
[BlackElo "1105"]
[PlyCount "55"]
[EventDate "2020.10.01"]
[WhiteTeam "Uxbridge Juniors C"]
[BlackTeam "St James Primary"]

1. e3 e5 2. b3 d5 3. Bb2 Nc6 4. Nf3 Nf6 5. Nxe5 Nxe5 6. Bxe5 Bd6 7. d4 Bxe5 8.
dxe5 Nd7 9. f4 Nb6 10. Nc3 Qh4+ 11. Kd2 Qf2+ 12. Be2 Qxg2 13. Rg1 Qxh2 14. Nb5
Kd8 15. Rxg7 Be6 16. Nd4 Qh6 17. Qg1 Ke7 18. f5 Bd7 19. f6+ Ke8 20. Rg8+ Rxg8
21. Qxg8+ Qf8 22. Qxh7 Qc5 23. Rg1 Bc8 24. Rg8+ Kd7 25. Qxf7+ Qe7 26. fxe7 Nc4+
27. bxc4 dxc4 28. e8=Q# 1-0

[Event "Junior Online 4NCL Division 4"]
[Site "online"]
[Date "2020.10.01"]
[Round "4.247"]
[White "Harle Smith, Joseph"]
[Black "Raja, Nithilan"]
[Result "1-0"]
[WhiteElo "1030"]
[BlackElo "775"]
[PlyCount "89"]
[EventDate "2020.10.01"]
[WhiteTeam "St James Primary"]
[BlackTeam "Uxbridge Juniors C"]

1. e4 e5 2. Nf3 d6 3. Bc4 Nc6 4. d3 Nb4 5. Ng5 Nf6 6. Nxf7 Qe7 7. Nxh8 Ng4 8.
Qxg4 Bxg4 9. O-O Qd7 10. Nc3 Nxc2 11. Rb1 c6 12. Bg5 Be7 13. Bf7+ Kd8 14. Bxe7+
Qxe7 15. h3 Be6 16. Bxe6 Qxe6 17. Rbc1 Nb4 18. Rce1 Nxd3 19. Re3 Nxb2 20. Rg3
Kc7 21. Rxg7+ Kb6 22. Nf7 Qf6 23. Rxh7 Qg6 24. Rh8 Qxf7 25. Rxa8 Qc7 26. Rb1 d5
27. Rxb2+ Kc5 28. Rxa7 b6 29. Rxc7 Kd6 30. Rh7 dxe4 31. Nxe4+ Kd5 32. Rh4 Ke6
33. Ng5+ Kf6 34. Rg4 Kf5 35. Rbb4 c5 36. Rxb6 c4 37. Rb7 c3 38. Rf7+ Kg6 39.
Rc7 Kf6 40. Rxc3 Kf5 41. Rf3+ Kg6 42. Ne4+ Kh7 43. Nf6+ Kh6 44. Rf5 e4 45. Rh5#
1-0

[Event "Junior Online 4NCL Division 4"]
[Site "online"]
[Date "2020.10.01"]
[Round "4.251"]
[White "Rowland, Benjamin"]
[Black "Edwards, Benjy"]
[Result "1-0"]
[WhiteElo "1142"]
[BlackElo "1036"]
[PlyCount "22"]
[EventDate "2020.10.01"]
[WhiteTeam "Barnet Knights E"]
[BlackTeam "Surrey Kings 3"]

1. e4 e6 2. d4 d5 3. e5 c5 4. Bb5+ Nc6 5. Nf3 Bd7 6. O-O Nge7 7. Bg5 a6 8. Be2
cxd4 9. Nxd4 Nf5 10. Bxd8 Rxd8 11. Nf3 Bc5 1-0

[Event "Junior Online 4NCL Division 4"]
[Site "online"]
[Date "2020.10.01"]
[Round "4.252"]
[White "Baker, Luke"]
[Black "Allen, Sonny"]
[Result "0-1"]
[WhiteElo "1000"]
[BlackElo "1142"]
[PlyCount "56"]
[EventDate "2020.10.01"]
[WhiteTeam "Surrey Kings 3"]
[BlackTeam "Barnet Knights E"]

1. e4 e5 2. Nf3 Nc6 3. Bc4 Nf6 4. d3 Bb4+ 5. c3 Bc5 6. O-O d6 7. Bg5 Bg4 8.
Nbd2 Qe7 9. h3 Be6 10. b4 Bxc4 11. dxc4 Bb6 12. b5 Na5 13. Bxf6 Qxf6 14. Rb1 a6
15. bxa6 bxa6 16. Rxb6 cxb6 17. Qb1 Rb8 18. Nb3 Nxb3 19. Qxb3 O-O 20. Rd1 b5
21. cxb5 Rxb5 22. Qa4 Rb6 23. Qc4 h6 24. Qc7 Rbb8 25. Rxd6 Rb1+ 26. Kh2 Qf4+
27. g3 Qxf3 28. Qa7 Qh1# 0-1

[Event "Junior Online 4NCL Division 4"]
[Site "online"]
[Date "2020.10.01"]
[Round "4.253"]
[White "Khoo, Cheng Fong Winston"]
[Black "Fairrie, Ralph"]
[Result "0-1"]
[WhiteElo "1090"]
[BlackElo "1000"]
[PlyCount "36"]
[EventDate "2020.10.01"]
[WhiteTeam "Barnet Knights E"]
[BlackTeam "Surrey Kings 3"]

1. d4 d5 2. c4 dxc4 3. e4 Nc6 4. Nf3 Nf6 5. Nc3 Bg4 6. Bxc4 e6 7. e5 Nh5 8. O-O
Qf6 9. Bg5 Qg6 10. Bd3 f5 11. Re1 Bxf3 12. Qxf3 Qxg5 13. Re3 Nf4 14. Bc2 h5 15.
g3 Nh3+ 16. Kg2 Nf4+ 17. Kh1 Nd5 18. Nb5 Nxe3 0-1

[Event "Junior Online 4NCL Division 4"]
[Site "online"]
[Date "2020.10.01"]
[Round "4.254"]
[White "Goldhawk, Harrison"]
[Black "Gold, Arthur"]
[Result "0-1"]
[WhiteElo "1000"]
[BlackElo "1075"]
[PlyCount "114"]
[EventDate "2020.10.01"]
[WhiteTeam "Surrey Kings 3"]
[BlackTeam "Barnet Knights E"]

1. e4 e5 2. d4 exd4 3. Qxd4 Nc6 4. Qd1 Bc5 5. Nh3 Nf6 6. Bg5 h6 7. Bc1 Nxe4 8.
f3 Nf2 9. Nxf2 Qh4 10. g3 Qe7+ 11. Qe2 Qxe2+ 12. Bxe2 O-O 13. O-O Re8 14. Kg2
Rxe2 15. Nc3 Bxf2 16. Nxe2 Bc5 17. Nc3 d6 18. Nd5 Bb6 19. Re1 Be6 20. Ne7+ Nxe7
21. g4 Nd5 22. c4 Nb4 23. b3 Nc2 24. Bf4 Nxe1+ 25. Rxe1 Re8 26. Rd1 Bd7 27. Rd5
Bc6 28. Rd3 Re2+ 29. Kg3 Bf2+ 30. Kh3 Rxa2 31. Rd1 Bxf3 32. Rf1 Be4 33. Bc1 Bd4
34. Re1 Bg2+ 35. Kg3 Bf2+ 36. Kxg2 Bxe1+ 37. Kf1 Bh4 38. Kg1 Ra1 39. Kf1 Rxc1+
40. Ke2 Rb1 41. Kd2 Rxb3 42. Kc2 Rh3 43. Kd2 a5 44. Kc2 Rxh2+ 45. Kc3 a4 46.
Kb4 Ra2 47. c5 dxc5+ 48. Kxc5 a3 49. Kb4 Be7+ 50. Kb3 Rb2+ 51. Kc3 Bf6+ 52. Kc4
a2 53. Kd5 a1=Q 54. Kc5 Qc1+ 55. Kd5 Rd2+ 56. Ke4 Qe1+ 57. Kf5 Rf2# 0-1

[Event "Junior Online 4NCL Division 4"]
[Site "online"]
[Date "2020.10.01"]
[Round "4"]
[White "Allen, Sonny"]
[Black "Baker, Luke"]
[Result "1-0"]
[WhiteElo "1142"]
[BlackElo "1000"]
[PlyCount "21"]
[EventDate "2020.10.01"]
[WhiteTeam "Barnet Knights E"]
[BlackTeam "Surrey Kings 3"]

1. e4 e5 2. Nf3 Nc6 3. Nc3 Bb4 4. Bb5 Bxc3 5. dxc3 a6 6. Bxc6 dxc6 7. Bg5 Qxd1+
8. Rxd1 Bg4 9. O-O Bxf3 10. gxf3 Rd8 11. Rxd8# 1-0

[Event "Junior Online 4NCL Division 4"]
[Site "online"]
[Date "2020.10.01"]
[Round "4.2"]
[White "Gold, Arthur"]
[Black "Goldhawk, Harrison"]
[Result "1-0"]
[WhiteElo "1075"]
[BlackElo "1000"]
[PlyCount "35"]
[EventDate "2020.10.01"]
[WhiteTeam "Barnet Knights E"]
[BlackTeam "Surrey Kings 3"]

1. e4 d5 2. exd5 Qxd5 3. Nc3 Qd8 4. Bc4 Nf6 5. Nf3 e6 6. O-O Qd6 7. Nb5 Qf4 8.
d3 a6 9. Bxf4 Nh5 10. Nxc7+ Kd7 11. Ne5+ Kxc7 12. Nxf7+ Kd7 13. Qxh5 Rg8 14.
Ne5+ Ke7 15. Qf7+ Kd6 16. Nd7+ Kc6 17. Nxb8+ Rxb8 18. Qc7# 1-0

[Event "Junior Online 4NCL Division 4"]
[Site "online"]
[Date "2020.10.01"]
[Round "4.6"]
[White "Marks, Rory"]
[Black "Syposz, Iza"]
[Result "1-0"]
[WhiteElo "827"]
[BlackElo "1007"]
[PlyCount "41"]
[EventDate "2020.10.01"]
[WhiteTeam "Eden Primary Bishops"]
[BlackTeam "Cambridge Chess & Go C"]

1. e4 e5 2. Nf3 Nf6 3. Qe2 Nc6 4. Nc3 Bb4 5. Ng5 O-O 6. Qd1 d6 7. Bc4 Qe8 8.
O-O Bg4 9. f3 Bd7 10. a3 Bxc3 11. bxc3 a6 12. d3 Na5 13. Bb2 b5 14. Bb3 Nxb3
15. cxb3 a5 16. b4 axb4 17. axb4 Rxa1 18. Qxa1 Nh5 19. Qe1 Nf4 20. Qh4 Nxd3 21.
Qxh7# 1-0

[Event "Junior Online 4NCL Division 4"]
[Site "online"]
[Date "2020.10.01"]
[Round "4.7"]
[White "Soni, Raghhav"]
[Black "Block, Leo"]
[Result "0-1"]
[WhiteElo "762"]
[BlackElo "887"]
[PlyCount "84"]
[EventDate "2020.10.01"]
[WhiteTeam "Cambridge Chess & Go C"]
[BlackTeam "Eden Primary Bishops"]

1. e4 e5 2. Nf3 Nc6 3. Nc3 Nf6 4. Bc4 Nd4 5. Nxe5 d6 6. Nd3 Bg4 7. f3 Be6 8.
O-O Nd7 9. Qe2 Bxc4 10. Qd1 Qh4 11. g3 Qh3 12. Rf2 d5 13. exd5 O-O-O 14. Rg2
Bxd5 15. Nxd5 Qe6 16. N5f4 Qc4 17. Qe2 Bd6 18. Qe4 Rdf8 19. a4 Re8 20. Ra3 Rxe4
21. fxe4 Bxa3 22. bxa3 Qxc2 23. Rf2 Qxa4 24. Rf3 Nxf3+ 25. Kf2 Nxh2 26. Nh5
Qxe4 27. Kg1 Nf3+ 28. Kf2 Qxd3 29. Kg2 Ne1+ 30. Kf2 Nc2 31. Bb2 Qxd2+ 32. Kf3
Ne1+ 33. Kg4 Qxb2 34. Nxg7 Qxg7+ 35. Kf4 Nd3+ 36. Ke3 N3c5 37. Kd2 Qxg3 38. Kc2
Qxa3 39. Kd2 Rg8 40. Kc2 Rg2+ 41. Kb1 Qe3 42. Ka1 Qe1# 0-1

[Event "Junior Online 4NCL Division 4"]
[Site "online"]
[Date "2020.10.01"]
[Round "4.8"]
[White "Feldman, Joshua"]
[Black "Ortu, Lorenzo"]
[Result "1-0"]
[WhiteElo "850"]
[BlackElo "750"]
[PlyCount "59"]
[EventDate "2020.10.01"]
[WhiteTeam "Eden Primary Bishops"]
[BlackTeam "Cambridge Chess & Go C"]

1. e4 e5 2. Bc4 Bb4 3. Nf3 Nc6 4. Ng5 f6 5. Nf7 Qe7 6. Nxh8 Nd4 7. O-O c5 8.
Bxg8 b5 9. Nf7 Qd8 10. Nxd8 Kxd8 11. Bxh7 Ba6 12. c3 Bxc3 13. dxc3 d5 14. cxd4
c4 15. dxe5 fxe5 16. exd5 Bb7 17. d6 a5 18. Bf5 a4 19. Bg5+ Ke8 20. d7+ Kf7 21.
d8=Q Rxd8 22. Qxd8 g6 23. Bxg6+ Kxg6 24. Nc3 b4 25. Nxa4 b3 26. axb3 cxb3 27.
Nc5 Bxg2 28. Kxg2 e4 29. Nxe4 Kg7 30. Qd6 1-0

[Event "Junior Online 4NCL Division 4"]
[Site "online"]
[Date "2020.10.01"]
[Round "4.10"]
[White "Syposz, Iza"]
[Black "Marks, Rory"]
[Result "0-1"]
[WhiteElo "1007"]
[BlackElo "827"]
[PlyCount "22"]
[EventDate "2020.10.01"]
[WhiteTeam "Cambridge Chess & Go C"]
[BlackTeam "Eden Primary Bishops"]

1. e4 e5 2. Nf3 Nc6 3. Bb5 Nf6 4. Bxc6 bxc6 5. Nxe5 Nxe4 6. O-O Qe7 7. Qe1 Qxe5
8. d3 d5 9. dxe4 dxe4 10. Na3 Bd6 11. Nc4 Qxh2# 0-1

[Event "Junior Online 4NCL Division 4"]
[Site "online"]
[Date "2020.10.01"]
[Round "4.11"]
[White "Block, Leo"]
[Black "Soni, Raghhav"]
[Result "1-0"]
[WhiteElo "887"]
[BlackElo "762"]
[PlyCount "55"]
[EventDate "2020.10.01"]
[WhiteTeam "Eden Primary Bishops"]
[BlackTeam "Cambridge Chess & Go C"]

1. e4 e5 2. Bc4 Nc6 3. d3 Nf6 4. Bg5 h6 5. Be3 g5 6. Nc3 Nb4 7. Qd2 Nxc2+ 8.
Qxc2 Ng4 9. Bd2 f5 10. exf5 Qf6 11. O-O-O Qxf5 12. Bb3 Qxf2 13. Nh3 Qxg2 14.
Ng1 Qxh1 15. Nge2 Qxh2 16. Ng1 Qh5 17. Re1 Qg6 18. Rf1 Qh5 19. Bf7+ Ke7 20.
Bxh5 Bg7 21. Bxg4 Bf6 22. Nd5+ Kd6 23. Nxf6 Ke7 24. Nh5 b5 25. Qxc7 Bb7 26.
Qxb7 Rac8+ 27. Kd1 Rhf8 28. Qxd7# 1-0

[Event "Junior Online 4NCL Division 4"]
[Site "online"]
[Date "2020.10.01"]
[Round "4.12"]
[White "Ortu, Lorenzo"]
[Black "Feldman, Joshua"]
[Result "0-1"]
[WhiteElo "750"]
[BlackElo "850"]
[PlyCount "82"]
[EventDate "2020.10.01"]
[WhiteTeam "Cambridge Chess & Go C"]
[BlackTeam "Eden Primary Bishops"]

1. d4 e6 2. f4 Bb4+ 3. c3 Bf8 4. e4 d5 5. Bb5+ c6 6. Bd3 dxe4 7. Bxe4 e5 8. Na3
exf4 9. g3 f3 10. Nxf3 Bxa3 11. b3 Bxc1 12. Rxc1 Bg4 13. Qd3 Bxf3 14. Bxf3 Nf6
15. Qe3+ Qe7 16. Ke2 Qxe3+ 17. Kxe3 O-O 18. g4 Na6 19. g5 Nd7 20. Rcg1 g6 21.
Rg4 Rae8+ 22. Re4 Rxe4+ 23. Bxe4 Nf6 24. Bf3 Re8+ 25. Kd3 Nd7 26. a4 f6 27. c4
fxg5 28. Bd5+ Kf8 29. Rf1+ Ke7 30. Re1+ Ne5+ 31. dxe5 cxd5 32. cxd5 Nc5+ 33.
Kd4 Nxb3+ 34. Kc4 Nd2+ 35. Kd3 Nf3 36. d6+ Kd7 37. e6+ Kxd6 38. Rd1 Nxh2 39.
Kc3+ Kxe6 40. Re1+ Kf7 41. Rf1+ Nxf1 0-1

[Event "Junior Online 4NCL Division 4"]
[Site "online"]
[Date "2020.10.01"]
[Round "4.15"]
[White "Elisseev-Siuda, Ivan"]
[Black "Richards, Hal"]
[Result "1-0"]
[WhiteElo "1225"]
[BlackElo "900"]
[PlyCount "81"]
[EventDate "2020.10.01"]
[WhiteTeam "Manchester Juniors D"]
[BlackTeam "Coldfall Knights"]

1. e4 e5 2. Nf3 Nc6 3. Bc4 Bc5 4. Nc3 Nf6 5. O-O O-O 6. d3 h6 7. Be3 d6 8. Bxc5
dxc5 9. Nh4 Bg4 10. Qd2 Bd7 11. Nf5 Ne7 12. Nxe7+ Qxe7 13. Rfe1 Qd8 14. Rad1
Bg4 15. f3 Bd7 16. Nd5 Bg4 17. fxg4 Nxg4 18. Qe2 Nf6 19. Nxf6+ Qxf6 20. Bd5 c6
21. Bc4 b5 22. Bb3 c4 23. dxc4 a6 24. cxb5 cxb5 25. Bd5 Rad8 26. Bc6 Rc8 27.
Bb7 Rb8 28. Bd5 a5 29. Rb1 a4 30. b4 a3 31. c4 Rbd8 32. cxb5 Rc8 33. b6 Rc3 34.
b7 Rf3 35. gxf3 Rb8 36. Qb5 Qg6+ 37. Kh1 Rc8 38. bxc8=Q+ Kh7 39. Qbe8 Qb6 40.
Bxf7 g6 41. Qg8# 1-0

[Event "Junior Online 4NCL Division 4"]
[Site "online"]
[Date "2020.10.01"]
[Round "4.16"]
[White "Ward-Murphy, Nicolas"]
[Black "Correa, Edward"]
[Result "0-1"]
[WhiteElo "900"]
[BlackElo "1187"]
[PlyCount "40"]
[EventDate "2020.10.01"]
[WhiteTeam "Coldfall Knights"]
[BlackTeam "Manchester Juniors D"]

1. e4 c5 2. Bc4 e6 3. Nf3 Qc7 4. Na3 a6 5. d4 cxd4 6. Nxd4 Bxa3 7. bxa3 Qxc4 8.
Ne2 Qc7 9. O-O Nc6 10. Nf4 e5 11. Nd5 Qb8 12. Bg5 Nge7 13. Nxe7 Nxe7 14. f4 h6
15. Bh4 exf4 16. Rxf4 Qxf4 17. Bg3 Qxe4 18. Qh5 Qd4+ 19. Bf2 Qxa1+ 20. Be1
Qxe1# 0-1

[Event "Junior Online 4NCL Division 4"]
[Site "online"]
[Date "2020.10.01"]
[Round "4.18"]
[White "Haga, Viktor"]
[Black "Govindu, Aashrith Reddy"]
[Result "1-0"]
[WhiteElo "900"]
[BlackElo "1075"]
[PlyCount "99"]
[EventDate "2020.10.01"]
[WhiteTeam "Coldfall Knights"]
[BlackTeam "Manchester Juniors D"]

1. e4 e5 2. Nf3 Nc6 3. Bb5 Nf6 4. Bxc6 bxc6 5. Nc3 Bc5 6. d3 O-O 7. Be3 Bxe3 8.
fxe3 d5 9. Nxe5 Ba6 10. Nxc6 Qd6 11. exd5 Rab8 12. Nxb8 Rxb8 13. b3 Bb7 14. Ne4
Nxe4 15. dxe4 Ba6 16. c4 Rb4 17. Rf1 Qxh2 18. Qf3 h6 19. Qxf7+ Kh7 20. Qxc7
Qxc7 21. e5 Qxe5 22. Ke2 Qe4 23. Rac1 Rb8 24. Rf4 Qe5 25. Rf7 Re8 26. Rc3 Qh5+
27. Rf3 Bc8 28. Kf2 Qh4+ 29. Ke2 Bg4 30. Rc2 Bxf3+ 31. gxf3 Qh2+ 32. Kd3 Qh3
33. Rf2 Qh5 34. a4 Qe5 35. e4 Qg3 36. Rf1 Qg2 37. Rb1 Re5 38. Kd4 Rg5 39. Rd1
Qf2+ 40. Kd3 Re5 41. Rd2 Qd4+ 42. Kxd4 g5 43. Kxe5 h5 44. d6 g4 45. d7 gxf3 46.
d8=Q f2 47. Rxf2 h4 48. Qxh4+ Kg7 49. Qg3+ Kh7 50. Rh2# 1-0

[Event "Junior Online 4NCL Division 4"]
[Site "online"]
[Date "2020.10.01"]
[Round "4.19"]
[White "Richards, Hal"]
[Black "Elisseev-Siuda, Ivan"]
[Result "0-1"]
[WhiteElo "900"]
[BlackElo "1225"]
[PlyCount "22"]
[EventDate "2020.10.01"]
[WhiteTeam "Coldfall Knights"]
[BlackTeam "Manchester Juniors D"]

1. e4 e5 2. Bc4 Nf6 3. Nf3 Nxe4 4. Nxe5 Qe7 5. Nd3 Nc3+ 6. Ne5 Nxd1 7. O-O Qxe5
8. Rxd1 Bc5 9. Rf1 O-O 10. d3 Bd6 11. Nc3 Qxh2# 0-1

[Event "Junior Online 4NCL Division 4"]
[Site "online"]
[Date "2020.10.01"]
[Round "4.20"]
[White "Correa, Edward"]
[Black "Ward-Murphy, Nicolas"]
[Result "1-0"]
[WhiteElo "1187"]
[BlackElo "900"]
[PlyCount "57"]
[EventDate "2020.10.01"]
[WhiteTeam "Manchester Juniors D"]
[BlackTeam "Coldfall Knights"]

1. e4 e5 2. Nf3 Nc6 3. d4 Bb4+ 4. c3 Bf8 5. dxe5 Bc5 6. Bc4 Nh6 7. O-O O-O 8.
Bxh6 gxh6 9. Qd2 Kg7 10. Nd4 Nxd4 11. cxd4 Bb6 12. Re1 d5 13. exd5 Qh4 14. Rd1
Rg8 15. g3 Qh3 16. Bf1 Qg4 17. h3 Qh5 18. Kh2 Kh8 19. Nc3 c6 20. dxc6 bxc6 21.
Ne4 Qf3 22. Bg2 Qf5 23. Qxh6 Rg6 24. Qe3 Bd8 25. Nd6 Qc2 26. Be4 Qxb2 27. Bxg6
Qb8 28. Qh6 Qc7 29. Qxh7# 1-0